Journal of Money, Credit and Banking

Saved in:
Bibliographic Details
Format: Serial
Language:English
Published: Columbus Ohio State University Press
Subjects:
Tags: Add Tag
No Tags, Be the first to tag this record!

MARC

LEADER 00000nas1a22000001 4500
001 s120840
005 20250701092102.5
022 |a 0022-2879 
022 |a 1538-4616 
041 0 |a eng 
044 |a US 
245 1 0 |a Journal of Money, Credit and Banking 
264 1 |a Columbus  |b Ohio State University Press 
610 2 0 |a peniaze 
610 2 0 |a úver 
610 2 0 |a bankovníctvo